00437nam a2200109Ia 4500008004100000050002400041100001600065245011000081260008600191300002800277521002200305140724s9999 xx 000 0 und d aRF 290b.Ao638 2013 aAoki, Joan. aInfluence of parental choice in the language development of children with hearing impairment /cJoan Aoki aLas Piñas, Philippines :bSouthville International School and Colleges,cc2013. a70 p. :bill. ;c28 cm. aSpecial Education